| 000 | 00966nam a22003017a 4500 | ||
|---|---|---|---|
| 001 | 7535 | ||
| 003 | FISKH | ||
| 005 | 20250723114700.0 | ||
| 008 | 250723b cb ||||| |||| 00| 0 eng d | ||
| 020 | _a9780590424103 | ||
| 040 |
_aFISKH _beng _cFISKH _dFISKH |
||
| 050 | _aPZ7.A2615 C | ||
| 082 | _a813.54 | ||
| 100 |
_aA.Adler, David _d(1947–) |
||
| 245 |
_aCam Jansen and the mystery of the babe Ruth baseball / _cDavid A.Adler ; Illustrated by Susanna Natti |
||
| 250 | _aThis edition first published in 1982 | ||
| 260 |
_aNew York : _bScholastic, _c1982 |
||
| 300 |
_a57 pages : _billustrations ; _c20 cm |
||
| 505 | _aJ | ||
| 520 | _aCam uses her photographic memory to identify the person who stole a valuable autographed baseball. | ||
| 521 | 8 |
_a500
_bLexile |
|
| 521 | 8 |
_aJ
_bRaz-Plus |
|
| 650 |
_2 Cam Jansen _aMystery |
||
| 650 |
_2Detective _aSports |
||
| 700 |
_aNatti, Susanna _dillustrator |
||
| 942 |
_2ddc _cBK _n0 |
||
| 999 |
_c7535 _d7535 |
||